Ley No.489 sobre exportación actualizado con la ley 78-98 modifica los art. 4 - 5 17 y agrega el art. 35 y 36 y ley no. 583 sobre secuestro (Registro nro. 6364)
[ vista simple ]
| 000 -LEADER | |
|---|---|
| fixed length control field | 00530nam a22001691a 4500 |
| 001 - CONTROL NUMBER | |
| control field | 6364 |
| 003 - CONTROL NUMBER IDENTIFIER | |
| control field | OSt |
| 005 - DATE AND TIME OF LATEST TRANSACTION | |
| control field | 20260204212049.0 |
| 008 - FIXED-LENGTH DATA ELEMENTS--GENERAL INFORMATION | |
| fixed length control field | 060330s1998||||dr ||||||b||||||||||spa|| |
| 050 ## - LIBRARY OF CONGRESS CALL NUMBER | |
| Classification number | RD 345.052 R299l |
| 110 ## - ASIENTO PRINCIPAL -- NOMBRE CORPORATIVO | |
| Corporate name or jurisdiction name as entry element | República Dominicana |
| 245 ## - TÍTULO PROPIAMENTE DICHO: SUBTÍTULO | |
| Title | Ley No.489 sobre exportación actualizado con la ley 78-98 modifica los art. 4 - 5 17 y agrega el art. 35 y 36 y ley no. 583 sobre secuestro |
| 264 ## - PRODUCTION, PUBLICATION, DISTRIBUTION, MANUFACTURE, AND COPYRIGHT NOTICE | |
| Place of production, publication, distribution, manufacture | Santo Domingo : Congreso Nacional |
| 300 ## - PHYSICAL DESCRIPTION | |
| Extensión | 12 p |
| 650 ## - ASIENTO SECUNDARIO DE MATERIA -- TERMINO TEMÁTICO | |
| Termino Temático Como Elemento de Entrada | 1.Extradicción LeyÌ |
| 942 ## - ADDED ENTRY ELEMENTS (KOHA) | |
| Source of classification or shelving scheme | Dewey Decimal Classification |
| Koha item type | Libros |
| Withdrawn status | Lost status | Source of classification or shelving scheme | Damaged status | Not for loan | Current library | Date acquired | Full call number | Barcode | Date last seen | Price effective from | Koha item type | Total Checkouts |
|---|---|---|---|---|---|---|---|---|---|---|---|---|
| Dewey Decimal Classification | Dañado | Biblioteca UTECO | 09/09/2019 | RD 345.052 R299L | 011246 | 09/09/2019 | 09/09/2019 | Libros | ||||
| Dewey Decimal Classification | Biblioteca UTECO | 09/09/2019 | RD 345.052 R299L | 011247 | 09/09/2019 | 09/09/2019 | Libros |
